| 000 | 00624 a2200181 4500 | ||
|---|---|---|---|
| 999 |
_c183388 _d183388 |
||
| 005 | 20211229115611.0 | ||
| 010 | _aENG-130578 | ||
| 020 |
_a978-93-5460-130-9 _c650.00 |
||
| 035 | _aEN-114110 | ||
| 037 | _bDBAD/PUB | ||
| 082 | _a332.4 | ||
| 100 | _aLee, Bobby C. | ||
| 245 |
_aThe Promise of Bitcoin: _bThe Future of Money and How it can work for you/ _cBobby C. Lee |
||
| 260 |
_aChennai _bMcGraw Hill Education(india) Private Limited _c2022 |
||
| 270 |
_aAnjana Complex No.5 /90 A, Butt Road, St. Thomas Mount _bChennai _e600016 |
||
| 300 |
_a3047p. _c23cm (pbk) |
||
| 942 |
_adpl _cEN _2ddc _h332.4 _mLEE |
||